Wonders of nature : (Record no. 94767)

MARC details
000 -LEADER
fixed length control field 00833nam a22002297a 4500
005 - DATE AND TIME OF LATEST TRANSACTION
control field 20150819110648.0
010 ## - LCCN (DPL NO)
LC control number ENG-113414
020 ## - INTERNATIONAL STANDARD BOOK NUMBER
International Standard Book Number 8192110656
Terms of availability 2800.00
020 ## - INTERNATIONAL STANDARD BOOK NUMBER
International Standard Book Number 9788192110653
Terms of availability 2800.00
035 ## - SYSTEM CONTROL NUMBER
System control number EN-96946
037 ## - SOURCE OF ACQUISITION
Source of stock number/acquisition DBAD/PUB
082 ## - DEWEY DECIMAL CLASSIFICATION NUMBER
Classification number 759.954
100 ## - MAIN ENTRY--PERSONAL NAME
Personal name Das, Asok Kumar
245 ## - TITLE STATEMENT
Title Wonders of nature :
Statement of responsibility, etc by Asok Kumar Das
Remainder of title Ustad Mansur at the Mughal court /
260 ## - PUBLICATION, DISTRIBUTION, ETC. (IMPRINT)
Place of publication, distribution, etc Mumbai
Name of publisher, distributor, etc The Marg Foundation
Date of publication, distribution, etc 2013
270 ## - ADDRESS
Address Army & Navy Building, 3rd Floor, 148, M.G. Road,
City Mumbai
Postal code 400001
300 ## - PHYSICAL DESCRIPTION
Extent 176p. :
Dimensions 31cm(Hb)
Other physical details ill.(chiefly col.)
500 ## - GENERAL NOTE
General note Includes bibliographical references (pages 166-172) and index.
600 ## - SUBJECT ADDED ENTRY--PERSONAL NAME
Personal name Manṣūr,
Dates associated with a name active 17th century
General subdivision Criticism and interpretation.
650 ## - SUBJECT ADDED ENTRY--TOPICAL TERM
Topical term or geographic name as entry element History painting
Geographic subdivision India.
942 ## - ADDED ENTRY ELEMENTS (KOHA)
Source of classification or shelving scheme Dewey Decimal Classification
Item type English Books
Call number suffix DAS
Classification part 759.954
Holdings
Withdrawn status Lost status Not for loan Collection code Home library Current library Date acquired Source of acquisition Cost, normal purchase price Full call number Barcode Copy number Cost, replacement price Koha item type
    Not For Loan Non-fiction D.B.Act.Division D.B.Act.Division 09/07/2015 DBAD/PUB 2800.00 759.954 DAS EN-96946 1 2800.00 English Books

© Delhi Public Library
Hit Counter
free hit counter